El Concilio de Trento y los colegios de las "naciones" de la Universidad de Alcalá de Henares : (Record n. 15243)

Dettagli MARC
000 -LEADER
fixed length control field 01204nam a2200277 i 4500
003 - CONTROL NUMBER IDENTIFIER
control field IT-RoINE
005 - DATE AND TIME OF LATEST TRANSACTION
control field 20230119155957.0
008 - FIXED-LENGTH DATA ELEMENTS--GENERAL INFORMATION
fixed length control field 050311s2004 sp ah r |||0|||spa|d
020 ## - INTERNATIONAL STANDARD BOOK NUMBER
International Standard Book Number 8497725662
040 ## - CATALOGING SOURCE
Original cataloging agency ES-MaMEB
Transcribing agency IT-RoINE
Modifying agency IT-RoINE
100 1# - MAIN ENTRY--PERSONAL NAME
Personal name Alonso Marañón, Pedro Manuel
9 (RLIN) 30916
245 13 - TITLE STATEMENT
Title El Concilio de Trento y los colegios de las "naciones" de la Universidad de Alcalá de Henares :
Remainder of title el Colegio Menor "de León" (1586-1843) /
Statement of responsibility, etc Pedro Manuel Alonso Marañón, Manuel Casado Arboniés, Francisco Javier Casado Arboniés.
260 3# - PUBLICATION, DISTRIBUTION, ETC. (IMPRINT)
Place of publication, distribution, etc Madrid :
Name of publisher, distributor, etc Dykinson,
Date of publication, distribution, etc 2004.
300 ## - PHYSICAL DESCRIPTION
Extent 261 p. :
Other physical details il., facs. ;
Dimensions 24 cm.
336 ## - CONTENT TYPE
Source rdacontent
Content type term text
337 ## - MEDIA TYPE
Source rdamedia
Media type term unmediated
338 ## - CARRIER TYPE
Source rdacarrier
Carrier type term volume
500 ## - GENERAL NOTE
General note Apéndice constitucional: p. 199-225.
504 ## - BIBLIOGRAPHY, ETC. NOTE
Bibliography, etc Fuentes y bibliografía: p. 227-261.
610 24 - SUBJECT ADDED ENTRY--CORPORATE NAME
9 (RLIN) 7703
Corporate name or jurisdiction name as entry element Universidad de Alcalá de Henares (España)
General subdivision Historia
610 24 - SUBJECT ADDED ENTRY--CORPORATE NAME
Corporate name or jurisdiction name as entry element Colegio Menor de León (Alcalá de Henares, España)
General subdivision Historia
9 (RLIN) 30919
611 20 - SUBJECT ADDED ENTRY--MEETING NAME
Meeting name or jurisdiction name as entry element Concilio de Trento
Date of meeting (1545-1563)
9 (RLIN) 7195
700 1# - ADDED ENTRY--PERSONAL NAME
Personal name Casado Arboniés, Manuel
9 (RLIN) 23645
Dates associated with a name 1960-
700 1# - ADDED ENTRY--PERSONAL NAME
Personal name Casado Arboniés, Francisco Javier,
9 (RLIN) 23648
Dates associated with a name 1962-
942 ## - ADDED ENTRY ELEMENTS (KOHA)
Item type Monografías
Dati di copia
Withdrawn status Lost status Damaged status Not for loan Home library Current library Date acquired Total Checkouts Full call number Barcode Date last seen Price effective from Koha item type
        Iglesia Nacional Española en Roma Iglesia Nacional Española en Roma 08/02/2017   HIS.ECL.ESP 542 36745 08/02/2017 08/02/2017 Monografías